000
00346nam a2200169Ia 4500
003
0STCL
008
150530s9999 xx 000 0 und d
040
_a
STCL
_c
STCL
100
_a
Mitford
245
_a
Our village
250
_a
1949
260
_c
1949
546
_a
English
942
_2
ddc
_c
BK
999
_c
61093
_d
61093
005
20220125171146.0